000
00306nam a22001337a 4500
008
170620b xxu||||| |||| 00| 0 eng d
020
_a
9780199238682
041
_a
eng
080
_a
32
100
_a
20
101
_a
SHM
245
_a
THE INTERNATIONAL STRUGGLE OVER IRAQ
_c
MALONE, D.M
942
_2
udc
_c
BK
999
_c
18348
_d
18348